Luật báo chí
সংরক্ষণ করুন:
| বিন্যাস: | গ্রন্থ |
|---|---|
| ভাষা: | Vietnamese |
| প্রকাশিত: |
H.
Chính trị quốc gia
2016
|
| বিষয়গুলি: | |
| ট্যাগগুলো: |
ট্যাগ যুক্ত করুন
কোনো ট্যাগ নেই, প্রথমজন হিসাবে ট্যাগ করুন!
|
| Thư viện lưu trữ: | Mạng thư viện Đại học Đà Nẵng |
|---|
| LEADER | 00944nam a2200301 4500 | ||
|---|---|---|---|
| 001 | 000025419 | ||
| 003 | 21912 | ||
| 005 | 20171012161045.0 | ||
| 008 | 171012s2016 viesd | ||
| 020 | |a 978-604-57-2447-7 |c 20000 | ||
| 041 | 0 | |a vie | |
| 082 | 1 | 4 | |a 343.5970998 |b Lua |
| 245 | 0 | 0 | |a Luật báo chí |
| 260 | |a H. |b Chính trị quốc gia |c 2016 | ||
| 300 | |a 92 tr. |c 19 cm. | ||
| 650 | 0 | 4 | |a Luật báo chí |z Việt Nam |
| 653 | |a Báo chí | ||
| 653 | |a Luật pháp | ||
| OWN | |a LSP | ||
| AVA | |a UDN50 |b LSP |d 343.5970998 Lua |e available |t Error 5001 Not defined in file expand_doc_bib_avail. |f 2 |g 0 |h N |i 0 |k 1 | ||
| 999 | |a From the UDN01 | ||
| AVA | |a UDN50 |b LSP |d 343.5970998 Lua |e available |t Error 5001 Not defined in file expand_doc_bib_avail. |f 2 |g 0 |h N |i 0 |k 1 | ||
| TYP | |a Monograph | ||
| TYP | |a Printed language | ||
| 980 | |a Mạng thư viện Đại học Đà Nẵng | ||


